<?xml version="1.0" encoding="UTF-8"?>
<record
    xmlns:xsi="http://www.w3.org/2001/XMLSchema-instance"
    xsi:schemaLocation="http://www.loc.gov/MARC21/slim http://www.loc.gov/standards/marcxml/schema/MARC21slim.xsd"
    xmlns="http://www.loc.gov/MARC21/slim">

  <leader>00457nam a22001337a 4500</leader>
  <controlfield tag="005">20241112164723.0</controlfield>
  <controlfield tag="008">241112b        |||||||| |||| 00| 0 eng d</controlfield>
  <datafield tag="020" ind1=" " ind2=" ">
    <subfield code="a">9781405771979</subfield>
  </datafield>
  <datafield tag="245" ind1=" " ind2=" ">
    <subfield code="a">The All England Law Reports 2012 Vol. 2</subfield>
    <subfield code="c">Editor, Widdicombe, Solicitor. Managing Editor; Stella Anna-Marie Solicitor (NSW)</subfield>
  </datafield>
  <datafield tag="260" ind1=" " ind2=" ">
    <subfield code="a">London, United Kingdom</subfield>
    <subfield code="b">LexisNexis</subfield>
    <subfield code="c">2012</subfield>
  </datafield>
  <datafield tag="300" ind1=" " ind2=" ">
    <subfield code="a">xxv, 1282 pages</subfield>
  </datafield>
  <datafield tag="650" ind1=" " ind2=" ">
    <subfield code="2">Law Reports</subfield>
    <subfield code="x">England</subfield>
  </datafield>
  <datafield tag="942" ind1=" " ind2=" ">
    <subfield code="2">lcc</subfield>
    <subfield code="c">BK</subfield>
    <subfield code="n">0</subfield>
  </datafield>
  <datafield tag="999" ind1=" " ind2=" ">
    <subfield code="c">1094</subfield>
    <subfield code="d">1094</subfield>
  </datafield>
  <datafield tag="952" ind1=" " ind2=" ">
    <subfield code="0">0</subfield>
    <subfield code="1">0</subfield>
    <subfield code="2">lcc</subfield>
    <subfield code="4">0</subfield>
    <subfield code="7">0</subfield>
    <subfield code="8">NFIC</subfield>
    <subfield code="a">MLL</subfield>
    <subfield code="b">MLL</subfield>
    <subfield code="c">GEN</subfield>
    <subfield code="d">2024-11-12</subfield>
    <subfield code="l">0</subfield>
    <subfield code="o">ELR 12 Vol. 2 </subfield>
    <subfield code="p">LLM00000875</subfield>
    <subfield code="r">2024-11-12 16:48:35</subfield>
    <subfield code="w">2024-11-12</subfield>
    <subfield code="y">BK</subfield>
  </datafield>
</record>
